Normal view
MARC view
- الادباء اللبنانيون- تراجم ، احمد رضا، احمد رضا بن ابراهيم بن حسين 1289-1370ه
Entry Topical Term
001 - CONTROL NUMBER
- control field: 8126
003 - CONTROL NUMBER IDENTIFIER
- control field: JO-AjAnu
005 - DATE AND TIME OF LATEST TRANSACTION
- control field: 20230606071618.0
008 - FIXED-LENGTH DATA ELEMENTS
- fixed length control field: 230606|| aca||aabn | a|a d
040 ## - CATALOGING SOURCE
- Original cataloging agency: JO-AjAnu
- Transcribing agency: JO-AjAnu
150 ## - HEADING--TOPICAL TERM
- Topical term or geographic name entry element: الادباء اللبنانيون- تراجم ، احمد رضا، احمد رضا بن ابراهيم بن حسين 1289-1370ه
670 ## - SOURCE DATA FOUND
- Source citation: Work cat.: (JO-AjAnu)4198: تاليف ترحيني، فايز؛ تقديم الكك، فيكتور, author 8125, الشيخ أحمد رضا والفكر العاملي